| 000 | 00632nam a2200217 a 4500 | ||
|---|---|---|---|
| 001 | BRCA_6682 | ||
| 005 | 20190320205543.0 | ||
| 008 | 131011s1902----gw-#######---#000-0#ger-# | ||
| 041 | _ager | ||
| 044 | _agw | ||
| 100 | 1 |
_aHaeckel, Ernst _d1834-1919 _916712 |
|
| 245 | 1 | 0 |
_aNatürliche schöpfungs-geschichte _bGemeinverständliche wissenschaftliche vorträge über die etwickelungslehre _cvon Ernst Haeckel. |
| 260 |
_aBerlín _bG. Reimer _c1902 |
||
| 300 |
_a2 v. _c23 cm. |
||
| 500 | _aL205 | ||
| 650 | 1 | 4 |
_aEvolución _916651 |
| 650 | 1 | 4 |
_aHerencia _916713 |
| 650 | 1 | 4 |
_aHombre _xOrigen _916653 |
| 902 | _aGFM | ||
| 942 |
_2lcc _cB |
||
| 999 |
_c6365 _d6365 |
||